000 02723nab a2200241 ab4500
005 20260319111945.0
008 251016c2025 mx fr p#o# #00| spa d
003
040 _aMX-MxUPN
_bspa
_cMX-MxUPN
_eaacr2
100 1 _aVázquez González, Graciela Isabel
100 1 _aKwan Chung, Chap Kau
245 1 _aDesarrollo Sostenible a través de la economía circular como un enfoque hacia la sostenibilidad
_h[recurso electrónico en línea]
506 0 _aAcceso abierto
520 3 _aLos efectos ambientales, sociales y económicos negativos del consumo excesivo y la cultura del descarte han expuesto los límites de lo tradicional. Recientemente, el cambio hacia una Economía Circular (EC) ha atraído un interés creciente como posible vía hacia formas más sostenibles de producir y consumir. El artículo trata de analizar cómo el diseño para el cambio de comportamiento (DfBC) –con un enfoque en Diseño para un Comportamiento Sostenible y Diseño orientado a la práctica podría contribuir a abordar este último y fomentar la transición hacia una economía circular. El trabajo tuvo un enfoque cualitativo, a través de una investigación documental que implicó la revisión y análisis de artículos de alto impacto sobre el tema de EC, encontrados dentro de las bases de datos del portal Web of Science. Las palabras clave que se sometieron a búsqueda fueron ''Circular Economy'', ''Models'' and ''Sustainability'', se consideró únicamente a los artículos Open Access publicados en los años 2015 a 2019. Se prestó especial atención a los trabajos con mayor número de citas. Los resultados más resaltantes fueron: Paraguay aspira a conseguir una economía circular eficiente y permanente, y se refleja en los planes gubernamentales que se empiezan a desarrollar en el territorio. Además, la transición hacia una economía circular supone siempre de un cambio sistémico, en el que la investigación y la innovación, tanto tecnológica como no tecnológica. Se concluye que, implementar estas técnicas a nivel nacional puede tener efectos profundos en la economía: se crearían nuevos empleos en sectores innovadores y sostenibles, como la biotecnología y la agricultura regenerativa.
_c RAADE
653 _aEconomía circular
653 _aAceptación del consumidor
653 _aDiseño para el cambio del comportamiento
773 _gVol. 5, no. 10, (2025), p. 38-46
_tRAADE: revista de análisis y difusión de perspectivas educativas y empresariales
_x2789-0899
856 4 _uhttps://revistascientificas.usil.edu.py/radee/article/view/121
856 4 _uhttps://revistascientificas.usil.edu.py/radee/article/view/121/89
902 _aLeonor Sotres/190326
942 _cART-E
999 _c214814
_d214814